000 002980000a22001450004500
003 MACL
040 _aMACL
090 _c42560
_d42558
100 _aHashem, S M
245 _aTodays Child
260 _bSparrow Publication
_c2008
350 _a175
650 _aPsychology
942 _cBOOK
_k155/HAS
999 _c42111
_d42111